Take Me Home Country Roads Lyrics - Statistics

General Stats
  • This quiz has been taken 21 times
  • The average score is 24 of 30
Answer Stats
Hint Lyrics % Correct
To the place, I ______ belong
100%
To the place, I ______ belong
100%
To the place, I ______ belong
100%
To the place, I ______ belong
100%
Almost heaven, ____ ________ West Virginia
95%
West Virginia, mountain ____ mama
89%
West Virginia, mountain ____ mama
89%
West Virginia, mountain ____ mama
89%
West Virginia, mountain ____ mama
89%
_______ _____, ____ __ ____ Country roads, take me home
84%
_______ _____, ____ __ ____ Country roads, take me home
84%
_______ _____, ____ __ ____ Country roads, take me home
84%
_______ _____, ____ __ ____ Country roads, take me home
84%
____ __ ____, _______ _____ Take me home, country roads
84%
____ __ ____, _______ _____ Take me home, country roads
84%
____ __ ____, _______ _____ Take me home, country roads
84%
____ __ ____, _______ _____ Take me home, country roads
84%
____ __ ____, _______ _____ Take me home, country roads
84%
____ __ ____, _______ _____ Take me home, country roads
84%
Misty taste of _________, teardrops in my eyes moonshine
74%
Life is old there, older than the _____ trees
74%
Younger than the mountains, growin' like a ______ breeze
68%
Drivin' down the road I get a feelin' that I should have ____ ____ yesterday been home
63%
Blue ridge mountains, __________ _____ Shenandoah River
63%
_________ Yesterday
63%
The _____ reminds me of my home far away radio
58%
Dark and dusty, painted on the ___ sky
58%
All my ________, gather 'round her memories
53%
I hear her _____ in the mornin' hour she calls me voice
53%
_______ lady, stranger to blue water Miner's
37%
No matching quizzes found
Score Distribution
Percent of People with Each Score
Percentile by Number Answered
Your Score History
You have not taken this quiz